An introduction to Tensor Calculus and Relativity: Methuen`s monographs an Physical subjects

Saved in:
Bibliographic Details
Main Author: Lawden, Derek F (Author)
Format: Book
Language:English
Published: Londres s.n 1967
Series:Science Paperback, 38
Subjects:
Tags: Add Tag
No Tags, Be the first to tag this record!

MARC

LEADER 00000nam a2200000 a 4500
001 UCH2268
003 CL-VaPUC
008 090604e19670000uk |||||||||||||||||eng|d
082 0 4 |a 515.63  |b LAW  |2 21 
100 |a Lawden, Derek F  |e author  |9 536979 
245 1 3 |a An introduction to Tensor Calculus and Relativity: Methuen`s monographs an Physical subjects 
300 |a 186 p 
942 |c BK 
945 |d 20090604 00:00:00  |a dcastane 
260 |a Londres  |b s.n  |c 1967 
650 7 |a CALCULO DE TENSORES  |2 CL-VaPUC  |9 260219 
650 0 |a Análisis vectorial   |9 260451 
650 0 |a Física matemática   |9 260981 
650 0 |a Teoría de la relatividad   |9 266149 
650 0 |a Álgebra  |9 259567 
650 0 |a Geometría diferencial   |9 315147 
583 |a last modification  |c 20180110 11:17:01  |k Rodrigo Vera 
490 0 |a Science Paperback, 38 
999 |c 334053  |d 334051 
952 |0 0  |1 0  |4 0  |6 515_630000000000000_LAW_1967  |7 0  |8 A  |9 422844  |a BIBCUR  |b BIBCUR  |d 2019-11-22  |i 454305K  |o 515.63 LAW 1967  |p 454305K  |r 2025-04-22  |w 2019-11-22  |y BK  |k FIS